<?xml version="1.0" encoding="UTF-8"?><?xml-stylesheet type="text/xsl" href="static/style.xsl"?><OAI-PMH xmlns="http://www.openarchives.org/OAI/2.0/" xmlns:xsi="http://www.w3.org/2001/XMLSchema-instance" xsi:schemaLocation="http://www.openarchives.org/OAI/2.0/ http://www.openarchives.org/OAI/2.0/OAI-PMH.xsd"><responseDate>2026-06-29T02:37:57Z</responseDate><request verb="GetRecord" identifier="oai:docta.ucm.es:20.500.14352/61938" metadataPrefix="marc">https://docta.ucm.es/rest/oai/request</request><GetRecord><record><header><identifier>oai:docta.ucm.es:20.500.14352/61938</identifier><datestamp>2023-09-13T01:24:54Z</datestamp><setSpec>com_20.500.14352_14</setSpec><setSpec>col_20.500.14352_22</setSpec></header><metadata><record xmlns="http://www.loc.gov/MARC21/slim" xmlns:dcterms="http://purl.org/dc/terms/" xmlns:xsi="http://www.w3.org/2001/XMLSchema-instance" xmlns:doc="http://www.lyncode.com/xoai" xsi:schemaLocation="http://www.loc.gov/MARC21/slim http://www.loc.gov/standards/marcxml/schema/MARC21slim.xsd">
   <leader>00925njm 22002777a 4500</leader>
   <datafield ind2=" " ind1=" " tag="042">
      <subfield code="a">dc</subfield>
   </datafield>
   <datafield ind2=" " ind1=" " tag="720">
      <subfield code="a">Pérez Torralba, Fernando</subfield>
      <subfield code="e">author</subfield>
   </datafield>
   <datafield ind2=" " ind1=" " tag="260">
      <subfield code="c">2002</subfield>
   </datafield>
   <datafield ind2=" " ind1=" " tag="520">
      <subfield code="a">Se analiza la problemática que plantea la conducción de automóviles de turismo por parte de los discapacitados/minúsválidos de aparato locomotor, desde el punto de vista médico. Se recoge la legislación al respecto aparecida en los últimos veinte años, tanto en España como a nivel internacional. La tesis se basa en la realización de una encuesta anónima de 41 preguntas, algunas de ellas múltiples, al colectivo de personas que para conducir requieren adaptación, y que están registrados como tales en la Dirección Gral. de Tráfico. Las respuestas de los primeros 500 cuestionarios contestados completamente se han tabulado, analizándose cada respuesta tanto individualmente como mezclando estadísticamente cada variable cualitativa con el resto de variables cuantitativas. Se exponen los resultados obtenidos llegando a las conclusiones de tesis, de entre las ...</subfield>
   </datafield>
   <datafield ind1="8" ind2=" " tag="024">
      <subfield code="a">978-84-8466-703-2</subfield>
   </datafield>
   <datafield ind1="8" ind2=" " tag="024">
      <subfield code="a">https://hdl.handle.net/20.500.14352/61938</subfield>
   </datafield>
   <datafield ind2="0" ind1="0" tag="245">
      <subfield code="a">Adaptaciones de vehículos a motor para conductores con procesos invalidantes</subfield>
   </datafield>
</record></metadata></record></GetRecord></OAI-PMH>